| 000 | 00625nmm a2200181Ia 4500 | ||
|---|---|---|---|
| 008 | 251105s9999||||xx |||||||||||||||||und|| | ||
| 041 | _aspa | ||
| 100 | _aCuenca, Jaime | ||
| 245 | 0 | _aEfectos sociales del ocio y las industrias creativas y culturales : Una mirada desde diversos ámbitos, colectivos y contextos | |
| 264 |
_a[Madrid, España] : _bUniversidad de Deusto, _c2016 |
||
| 300 | _a414 páginas | ||
| 490 | _aGris - Documentos de Estudios de Ocio | ||
| 650 | _aSociology | ||
| 700 | _aCuenca, Jaime | ||
| 700 | 1 | _a Ahedo, Ruth (eds.) | |
| 856 | _uhttps://public.digitaliapublishing.com/a/45120 | ||
| 942 | _cCF | ||
| 999 |
_c64376 _d64376 |
||